000 01189nam a22003377a 4500
003 CHAP
005 20220817044212.0
008 080228d2007 us r 00110 eng d
010 _a94519
011 _a95491
020 _a9781578085125
035 _a106117
040 _cCHAP
082 0 4 _a631.584
_bA4
100 1 _aAkinyemi, Okoro M.
_93285
245 1 0 _aAgricultural production :
_borganic and conventional systems
_c/by Okoro M. Akinyemi
260 _aEnfield, New Hampshire :
_bScience Publishers,
_c2007
300 _axx, 224 p. :
_bilus. ; gráfs. ; cuadros
590 _aBATCH-UPD
_b10
_c20130110
_lUCH01
_h1008
590 _aBATCH-UPD
_b10
_c20130410
_lUCH01
_h0617
590 _aBATCH-UPD
_b10
_c20130913
_lUCH01
_h2225
590 _aCONVERSION
_b10
_c20130109
_lUCH01
_h1352
650 1 4 _aAgricultura orgánica.
_92005
650 1 4 _aAgricultura sustentable.
650 1 4 _aSistemas de cultivo.
_9106746
650 1 4 _aSuelos y cultivos.
_9110571
901 _aBK
942 _cLIBRO
949 _a631.584 A4
_bBC
_cLIBRO
_d33724002048967
_eLIBRO
_gI.c/e
_h109216
_i106117
_sb
_t$629.63
949 _a631.584 A4
_bBC
_cLIBRO
_d33724002049009
_eLIBRO
_fc.2
_gI.c/e
_h109217
_i106117
_si
_t$629.63
999 _c94519
_d94519